000 00587nam a2200193Ia 4500
005 20250508165704.0
008 008 250505s9999 xx 000 0 eng d
037 _aTextual
040 _aFEDL
_beng
_cFEDL
041 _aeng
_2eng
084 _a574, NCE
_qFEDL
245 0 _aBiology : a textbook for higher secondary school
245 0 _cNational council of educational research and training (India)
260 _aDelhi, India
_bNCERT
300 _a400p
546 _aSection 3 : the diversity of animal life
942 _cTEXL
_h574, NCE
999 _c1396765
_d1396765